000 00538nam a2200193Ia 4500
008 230725s2012 xx 000 0 und d
041 _aeng
082 _a615.19
_bSET
100 _aSETHI P. D.
245 _aSETHI'S QUANTITATIVE ANALYSIS OF PHARMACEUTICAL FORMULATIONS METHODS WITH REACTION MECHANISM VOL 4
250 _a4TH
260 _aNEW DELHI
_bCBS PUBLICATION & DISTRIBUTORS
_c2012
300 _a462
365 _h10
500 _aTEXT BOOK
501 _aPQA
520 _aHB
650 _aPHARMACEUTICAL QUALITY ASSURANCE
999 _c756630
_d756630